The Second World War : (Record no. 187195)
[ view plain ]
| 000 -LEADER | |
|---|---|
| fixed length control field | 00859 a2200193 4500 |
| 003 - CONTROL NUMBER IDENTIFIER | |
| control field | Nust |
| 005 - DATE AND TIME OF LATEST TRANSACTION | |
| control field | 20230131102801.0 |
| 040 ## - CATALOGING SOURCE | |
| Transcribing agency | Nust |
| 082 ## - DEWEY DECIMAL CLASSIFICATION NUMBER | |
| Classification number | 940.54,CHO |
| 100 ## - MAIN ENTRY--PERSONAL NAME | |
| Personal name | Churchill, Winston S |
| 245 ## - TITLE STATEMENT | |
| Title | The Second World War : |
| Remainder of title | Vol. III, V, VI, IV / |
| Statement of responsibility, etc. | Winston S Churchill |
| 250 ## - EDITION STATEMENT | |
| Edition statement | Vol. III, V, VI, IV |
| 260 ## - PUBLICATION, DISTRIBUTION, ETC. | |
| Place of publication, distribution, etc. | Wellington |
| Name of publisher, distributor, etc. | Cassell & co |
| 300 ## - PHYSICAL DESCRIPTION | |
| Extent | 716:p |
| 490 ## - SERIES STATEMENT | |
| Volume/sequential designation | i,ii,iii,vi,v,iv |
| 505 ## - FORMATTED CONTENTS NOTE | |
| Formatted contents note | Vol 1: From War to War (Page-3), The Twilight (Page-361), Vol 2: The Fall of France (Page-3), Alone (Page-281), Vol 3: Germany Drives East (Page-3) War Comes to America (Page-337), Vol 4: The on Slaught of Japan (Page-3) Africa Redeemed (Page-371), Vol 5: Italy Won (Page-3) Teheran to Rome (Page-287), Vol 6: The Tide of Victory (Page-3), The Iron Curtain (Page-287). |
| 650 ## - SUBJECT ADDED ENTRY--TOPICAL TERM | |
| Topical term or geographic name entry element | The Second World War |
| 9 (RLIN) | 108167 |
| 942 ## - ADDED ENTRY ELEMENTS (KOHA) | |
| Source of classification or shelving scheme | |
| Koha item type | Book |
| Withdrawn status | Lost status | Source of classification or shelving scheme | Damaged status | Not for loan | Permanent Location | Current Location | Shelving location | Date acquired | Shelving control number | Full call number | Barcode | Date last seen | Price effective from | Koha item type | Public note |
|---|---|---|---|---|---|---|---|---|---|---|---|---|---|---|---|
| Military College of Signals (MCS) | Military College of Signals (MCS) | General Stacks | 12/12/2016 | History | 940.54,CHO | MCS29118 | 12/08/2016 | 12/12/2016 | Book | Almirah No.60, Shelf No.2 | |||||
| Military College of Signals (MCS) | Military College of Signals (MCS) | General Stacks | 12/12/2016 | History | 940.54,CHO | MCS30231 | 12/08/2016 | 12/12/2016 | Book | Almirah No.60, Shelf No.2 | |||||
| Military College of Signals (MCS) | Military College of Signals (MCS) | General Stacks | 12/12/2016 | History | 940.54,CHO | MCS30232 | 12/08/2016 | 12/12/2016 | Book | Almirah No.60, Shelf No.2 | |||||
| Military College of Signals (MCS) | Military College of Signals (MCS) | General Stacks | 12/12/2016 | History | 940.54,CHO | MCS30233 | 12/08/2016 | 12/12/2016 | Book | Almirah No.60, Shelf No.2 |
